Vista normal
Vista MARC
- Gallego Reinoso, Fabio
Entrada Personal Name
Número de registros utilizados en: 1
001 - CONTROL NUMBER
- control field: 52321
003 - CONTROL NUMBER IDENTIFIER
- control field: OSt
005 - DATE AND TIME OF LATEST TRANSACTION
- control field: 20190218184201.0
008 - FIXED-LENGTH DATA ELEMENTS
- fixed length control field: 190218|| aca||aabn | a|a d
040 ## - CATALOGING SOURCE
- Original cataloging agency: OSt
- Transcribing agency: OSt
100 ## - HEADING--PERSONAL NAME
- Personal name: Gallego Reinoso, Fabio
670 ## - SOURCE DATA FOUND
- Source citation: Work cat.: (OSt): Gallego Reinoso, Fabio, Aprender a generar ideas: innovar mediante la creatividad